[Event "Mid Bohemia Region-chT 2223"]
[Site "Czech Republic"]
[Date "2023.03.19"]
[Round "10.3"]
[White "Civin, Dominik"]
[Black "Seidl, Jan1"]
[Result "1-0"]
[WhiteElo "2001"]
[BlackElo "1997"]
[PlyCount "85"]
[EventDate "2022.10.09"]
[EventType "team-tourn"]
[EventRounds "11"]
[EventCountry "CZE"]
[SourceTitle "EXT 2024"]
[Source "ChessBase"]
[SourceDate "2023.10.10"]
[SourceVersion "1"]
[SourceVersionDate "2023.10.10"]
[SourceQuality "1"]
[WhiteTeam "Zdice"]
[BlackTeam "Kralupy nad Vltavou"]
[WhiteTeamCountry "CZE"]
[BlackTeamCountry "CZE"]

1. e4 c6 2. d4 d5 3. f3 e6 4. Nc3 Bb4 5. Nge2 Nf6 6. Qd3 b6 7. Bg5 Ba6 8. Qe3 Be7 9. h4 h6 10. Bf4 c5 11. a4 Nc6 12. Nb5 Rc8 13. c3 0-0 14. e5 Ne8 15. g3 Nc7 16. Bxh6 Nxb5 17. axb5 Bxb5 18. Bg5 cxd4 19. Nxd4 Nxd4 20. Qxd4 Bxf1 21. Kxf1 Bxg5 22. hxg5 Qxg5 23. Kf2 Rc4 24. Qd3 g6 25. f4 Qe7 26. Rh2 Kg7 27. Rah1 Rg8 28. Rh7+ Kf8 29. Ra1 Qc7 30. Ke2 a5 31. Kd2 g5 32. f5 Qxe5 33. fxe6 Qxe6 34. Rf1 Rg7 35. Rh8+ Ke7 36. Rf5 Rc5 37. Qd4 Qxf5 38. Qxg7 Qf2+ 39. Kc1 Qxg3 40. Qf8+ Ke6 41. Rh6+ Kf5 42. Qxf7+ Ke4 43. Re6+ 1-0

[Event "Mid Bohemia Region-chT 2223"]
[Site "Czech Republic"]
[Date "2023.01.29"]
[Round "7.4"]
[White "Civin, Dominik"]
[Black "Martirosyan, David"]
[Result "1-0"]
[WhiteElo "2001"]
[BlackElo "1925"]
[PlyCount "53"]
[EventDate "2022.10.09"]
[EventType "team-tourn"]
[EventRounds "11"]
[EventCountry "CZE"]
[SourceTitle "EXT 2024"]
[Source "ChessBase"]
[SourceDate "2023.10.10"]
[SourceVersion "1"]
[SourceVersionDate "2023.10.10"]
[SourceQuality "1"]
[WhiteTeam "Zdice"]
[BlackTeam "Ricany III"]
[WhiteTeamCountry "CZE"]
[BlackTeamCountry "CZE"]

1. e4 c5 2. a3 d5 3. exd5 Qxd5 4. Nc3 Qd8 5. g3 e6 6. Bg2 Nf6 7. d3 Be7 8. Nf3 Nc6 9. 0-0 0-0 10. Re1 Nd5 11. Ne4 e5 12. c3 Nc7 13. b4 cxb4 14. axb4 Nb5 15. Bb2 Be6 16. Nc5 Bxc5 17. bxc5 Qc7 18. c4 Nbd4 19. Nxe5 Rfd8 20. Nxc6 bxc6 21. Re4 Nf5 22. Qc2 a5 23. Qc3 a4 24. Rg4 Kf8 25. Re1 Qe7 26. Rxg7 a3 27. Rg8+ 1-0

[Event "Mid Bohemia Region-chT 2223"]
[Site "Czech Republic"]
[Date "2022.11.13"]
[Round "3.4"]
[White "Cermak, Jan2"]
[Black "Civin, Dominik"]
[Result "1-0"]
[WhiteElo "2006"]
[BlackElo "2001"]
[PlyCount "149"]
[EventDate "2022.10.09"]
[EventType "team-tourn"]
[EventRounds "11"]
[EventCountry "CZE"]
[SourceTitle "EXT 2024"]
[Source "ChessBase"]
[SourceDate "2023.10.10"]
[SourceVersion "1"]
[SourceVersionDate "2023.10.10"]
[SourceQuality "1"]
[WhiteTeam "Cesky Brod"]
[BlackTeam "Zdice"]
[WhiteTeamCountry "CZE"]
[BlackTeamCountry "CZE"]

1. d4 Nf6 2. c4 d6 3. Nf3 g6 4. Nc3 Nbd7 5. e4 e5 6. Be3 Bg7 7. Be2 0-0 8. d5 h6 9. Nd2 Nh7 10. 0-0 f5 11. f3 f4 12. Bf2 Qg5 13. Re1 Ndf6 14. c5 a6 15. cxd6 cxd6 16. Nc4 Ne8 17. Nb6 Rb8 18. Nxc8 Rxc8 19. Rc1 Nef6 20. Na4 Nh5 21. Nb6 Rxc1 22. Qxc1 Rf7 23. Qc8+ Bf8 24. Rc1 Ng3 25. Bd3 Nh5 26. a4 Qe7 27. a5 N7f6 28. b4 Qe8 29. Qc2 g5 30. Qe2 Rg7 31. Rc8 Qf7 32. h3 Ng3 33. Bxg3 fxg3 34. Bxa6 bxa6 35. Qxa6 g4 36. hxg4 Nxg4 37. Qa8 Ne3 38. a6 Qe7 39. a7 Qxa7 40. Rxf8+ Kh7 41. Rh8+ Kg6 42. Qxa7 Rxa7 43. Rg8+ Kf6 44. Rxg3 Rb7 45. Nc8 Nc4 46. Rg8 Rxb4 47. Re8 Rb1+ 48. Kh2 Rb2 49. Nxd6 Ne3 50. Rg8 Ke7 51. Nf5+ Nxf5 52. exf5 Rd2 53. Rg6 h5 54. Rh6 Rxd5 55. Rxh5 Kf6 56. g4 Rd3 57. Kg2 Ra3 58. Rh1 e4 59. fxe4 Re3 60. Kf2 Rxe4 61. Kf3 Ra4 62. Rh6+ Kg7 63. Re6 Kf7 64. Re4 Ra6 65. Kf4 Kf6 66. Rb4 Rc6 67. g5+ Kf7 68. Rb7+ Kf8 69. g6 Kg8 70. Kg5 Rc8 71. f6 Ra8 72. Kf5 Ra5+ 73. Ke6 Ra8 74. Ke7 Rf8 75. Rd7 1-0

[Event "Prague Golden Rapid op 17th"]
[Site "Prague"]
[Date "2022.07.09"]
[Round "2"]
[White "Civin, Dominik"]
[Black "Ptacnikova, Lenka"]
[Result "1-0"]
[WhiteElo "1775"]
[BlackElo "2111"]
[PlyCount "45"]
[EventDate "2022.07.09"]
[EventType "swiss (rapid)"]
[EventRounds "7"]
[EventCountry "CZE"]
[SourceTitle "CBM 209 Extra"]
[Source "ChessBase"]
[SourceDate "2022.09.30"]
[SourceVersion "1"]
[SourceVersionDate "2022.09.30"]
[SourceQuality "1"]

1. e4 c5 2. a3 d5 3. exd5 Qxd5 4. Nc3 Qd8 5. g3 Nc6 6. Bg2 Bd7 7. Nf3 e5 8. 0-0 f6 9. d3 Nge7 10. Ne4 Nf5 11. Bh3 Be7 12. Bxf5 Bxf5 13. Nh4 Be6 14. f4 0-0 15. f5 Bf7 16. Qg4 Nd4 17. Bh6 g5 18. fxg6 hxg6 19. Nxg6 Kh7 20. Nxe7 Kxh6 21. Rxf6+ Kh7 22. Qh4+ Kg7 23. Qh6# 1-0

[Event "CZE-ch rapid U20"]
[Site "Ceska Trebova"]
[Date "2020.09.19"]
[Round "5"]
[White "Civin, Dominik"]
[Black "Stocek, Martin"]
[Result "0-1"]
[WhiteElo "1682"]
[BlackElo "1567"]
[PlyCount "176"]
[EventDate "2020.09.19"]
[EventType "swiss (rapid)"]
[EventRounds "9"]
[EventCountry "CZE"]
[SourceTitle "CBM 198 Extra"]
[Source "ChessBase"]
[SourceDate "2020.11.30"]
[SourceVersion "1"]
[SourceVersionDate "2020.11.30"]
[SourceQuality "1"]

1. e4 c6 2. d4 d5 3. Nc3 dxe4 4. Nxe4 Bf5 5. Ng3 Bg6 6. Nf3 Nd7 7. h4 h6 8. Be3 e6 9. c3 Ngf6 10. Ne5 Nxe5 11. dxe5 Qxd1+ 12. Rxd1 Nd5 13. Bd2 Bc5 14. b4 Be7 15. a3 0-0 16. c4 Nb6 17. Be2 Rfd8 18. h5 Bh7 19. 0-0 Bd3 20. Bxd3 Rxd3 21. c5 Nc4 22. Bc1 Rad8 23. Rxd3 Rxd3 24. Ne4 Nxe5 25. Nd2 Rd5 26. f4 Nd3 27. Nc4 Bxc5+ 28. Be3 Bxe3+ 29. Nxe3 Rxh5 30. Rd1 Nxf4 31. Rd8+ Kh7 32. Rd7 Nd5 33. Ng4 Rg5 34. Nf2 Ne3 35. Rxf7 Kg6 36. Rf3 Nxg2 37. Kf1 Nh4 38. Rd3 Rd5 39. Re3 Kf7 40. Nd3 Nf5 41. Rf3 b6 42. Nf4 Re5 43. Rd3 Re4 44. Ne2 a5 45. bxa5 bxa5 46. Rd7+ Ne7 47. Ra7 Ra4 48. Kf2 Rxa3 49. Nd4 Kf6 50. Ra8 Ke5 51. Nf3+ Kf4 52. Nd4 Ra2+ 53. Kg1 Kg3 54. Kf1 e5 55. Ne2+ Kg4 56. Ra7 Nf5 57. Rc7 Ng3+ 58. Nxg3 Kxg3 59. Rxg7+ Kf4 60. Rg6 c5 61. Rxh6 a4 62. Rc6 Rc2 63. Ra6 Rc4 64. Ke2 Ke4 65. Kd2 Kd5 66. Ra8 Rh4 67. Rd8+ Kc4 68. Re8 Rh2+ 69. Kc1 Kc3 70. Kb1 Re2 71. Ra8 Kb4 72. Rb8+ Kc3 73. Ra8 Re1+ 74. Ka2 e4 75. Rxa4 e3 76. Re4 c4 77. Re8 e2 78. Re7 Kd2 79. Rd7+ Kc1 80. Re7 Kd2 81. Rd7+ Ke3 82. Re7+ Kd4 83. Rd7+ Ke5 84. Re7+ Kd6 85. Re8 Kc5 86. Rc8+ Kb4 87. Rb8+ Kc3 88. Re8 Rd1 0-1

[Event "Ricany op"]
[Site "Ricany"]
[Date "2015.08.29"]
[Round "9"]
[White "Civin, Dominik"]
[Black "Vavrinec, Tomas"]
[Result "0-1"]
[WhiteElo "1793"]
[BlackElo "1918"]
[PlyCount "92"]
[EventDate "2015.08.22"]
[EventType "swiss"]
[EventRounds "9"]
[EventCountry "CZE"]
[SourceTitle "EXT 2023"]
[Source "ChessBase"]
[SourceDate "2022.10.05"]
[SourceVersion "1"]
[SourceVersionDate "2022.10.05"]
[SourceQuality "1"]

1. c4 c5 2. Nc3 Nc6 3. g3 g6 4. Bg2 Bg7 5. d3 Nf6 6. e4 0-0 7. Nge2 d6 8. 0-0 a6 9. f4 Rb8 10. Rb1 Bd7 11. h3 b5 12. b3 b4 13. Nd5 e6 14. Ne3 Ne8 15. f5 Ne5 16. g4 Nc7 17. Bb2 Bc6 18. d4 cxd4 19. Nxd4 Ba8 20. Qc2 Qh4 21. Ne2 Rbc8 22. Nd1 a5 23. Nf2 Na6 24. Nd3 Nc5 25. Nxe5 dxe5 26. Rbd1 Rfd8 27. Bc1 exf5 28. exf5 e4 29. Be3 Rxd1 30. Qxd1 Nd3 31. Qd2 Qd8 32. Ng3 Bc3 33. Qe2 Qe7 34. Bd2 Bd4+ 35. Kh1 Re8 36. Be3 Bc3 37. Bd2 Qh4 38. Bxc3 bxc3 39. Qe3 c2 40. Ne2 Ne1 41. Nc1 Nxg2 42. Kxg2 Rd8 43. Rf2 Rd3 44. Nxd3 exd3+ 45. Kf1 Qxh3+ 46. Ke1 Qxe3+ 0-1

[Event "Ricany op"]
[Site "Ricany"]
[Date "2015.08.23"]
[Round "3"]
[White "Civin, Dominik"]
[Black "Havlicek, Pavel"]
[Result "1-0"]
[WhiteElo "1793"]
[BlackElo "1673"]
[PlyCount "47"]
[EventDate "2015.08.22"]
[EventType "swiss"]
[EventRounds "9"]
[EventCountry "CZE"]
[SourceTitle "EXT 2023"]
[Source "ChessBase"]
[SourceDate "2022.10.05"]
[SourceVersion "1"]
[SourceVersionDate "2022.10.05"]
[SourceQuality "1"]

1. c4 Nf6 2. Nc3 b6 3. d3 e6 4. g3 Bb7 5. Nf3 Bc5 6. Bg2 h6 7. 0-0 0-0 8. b3 d6 9. a3 d5 10. e3 dxc4 11. bxc4 Be7 12. Qb3 Nc6 13. d4 Na5 14. Qa2 Rb8 15. Bd2 a6 16. Ne2 Nc6 17. Rab1 Ne4 18. Bb4 Nxb4 19. axb4 b5 20. c5 c6 21. Ne5 Qd5 22. Qc2 f5 23. Nf4 Qd8 24. Nxe6 1-0

[Event "Ricany op-A"]
[Site "Ricany"]
[Date "2014.08.29"]
[Round "8"]
[White "Pychova, Nela"]
[Black "Civin, Dominik"]
[Result "1-0"]
[WhiteElo "2006"]
[BlackElo "1601"]
[PlyCount "129"]
[EventDate "2014.08.23"]
[EventType "swiss"]
[EventRounds "9"]
[EventCountry "CZE"]
[SourceTitle "EXT 2015"]
[Source "ChessBase"]
[SourceDate "2014.11.20"]
[SourceVersion "1"]
[SourceVersionDate "2014.11.20"]
[SourceQuality "1"]

1. c4 c5 2. Nc3 Nc6 3. g3 g6 4. Bg2 Bg7 5. Nf3 e5 6. d3 Nge7 7. 0-0 0-0 8. Rb1 f5 9. Bd2 d6 10. a3 Rb8 11. b4 Qd7 12. Qc1 b6 13. Bh6 Bb7 14. Bxg7 Kxg7 15. Qb2 Kg8 16. Ne1 f4 17. Nf3 Nd4 18. Nxd4 cxd4 19. Ne4 d5 20. cxd5 Bxd5 21. Rbc1 Rbc8 22. Rxc8 Nxc8 23. Rc1 Bxe4 24. Qb3+ Kg7 25. Bxe4 Ne7 26. b5 Rc8 27. Rxc8 Qxc8 28. Qb4 Qd7 29. Qc4 fxg3 30. hxg3 Qc8 31. Qa4 Qd7 32. Qa6 Kf6 33. Bb7 Nf5 34. Qxa7 Qxb5 35. Qb8 Kg5 36. Qd8+ Kh6 37. Qf6 Qc5 38. Bf3 Qd6 39. Qh8 Qc7 40. Kg2 Qe7 41. Kh3 Ng7 42. Qb8 Qf6 43. Qb7 Ne6 44. Kg2 Nc5 45. Qb8 Ne6 46. Qb7 Nc5 47. Qc7 Ne6 48. Qc6 Kg5 49. Qxb6 h5 50. Qc6 h4 51. Bd5 h3+ 52. Kxh3 Qxf2 53. Qxe6 Qf1+ 54. Bg2 Qxe2 55. Qe7+ Kh6 56. a4 Qxd3 57. Qxe5 Qd1 58. a5 d3 59. Qf4+ g5 60. Qf6+ Kh5 61. Qf7+ Kh6 62. Be4 Qh1+ 63. Bxh1 g4+ 64. Kxg4 d2 65. Qd5 1-0

[Event "Ricany op-A"]
[Site "Ricany"]
[Date "2014.08.25"]
[Round "4"]
[White "Tejkal, Jiri"]
[Black "Civin, Dominik"]
[Result "1-0"]
[WhiteElo "1941"]
[BlackElo "1601"]
[PlyCount "83"]
[EventDate "2014.08.23"]
[EventType "swiss"]
[EventRounds "9"]
[EventCountry "CZE"]
[SourceTitle "EXT 2015"]
[Source "ChessBase"]
[SourceDate "2014.11.20"]
[SourceVersion "1"]
[SourceVersionDate "2014.11.20"]
[SourceQuality "1"]

1. d4 d5 2. Nf3 Nf6 3. c4 e6 4. cxd5 exd5 5. Bg5 Be6 6. Nc3 Nbd7 7. e3 c5 8. Bd3 c4 9. Bc2 Bb4 10. 0-0 0-0 11. Ne2 b5 12. Ne5 Qb6 13. f4 Bg4 14. a3 Bd6 15. Qe1 Bxe2 16. Qxe2 a5 17. Rf3 Bxe5 18. fxe5 Ne4 19. Bxe4 dxe4 20. Rg3 Ra6 21. Qg4 f5 22. Qh4 Rf7 23. Bf4 g6 24. d5 Nc5 25. e6 Nxe6 26. dxe6 Qxe6 27. Qd8+ Rf8 28. Qd4 Rfa8 29. h4 R6a7 30. Rd1 b4 31. h5 Rg7 32. Bh6 Rc7 33. hxg6 hxg6 34. Rh3 Rh7 35. Bf4 Rc8 36. Rxh7 Kxh7 37. Kf2 c3 38. Rh1+ Kg8 39. Rh8+ Kf7 40. Rh7+ Kf8 41. Qg7+ Ke8 42. Rh8+ 1-0

[Event "Ricany op-A"]
[Site "Ricany"]
[Date "2014.08.23"]
[Round "1"]
[White "Civin, Dominik"]
[Black "Pycha, Patrik"]
[Result "1/2-1/2"]
[WhiteElo "1601"]
[BlackElo "2002"]
[PlyCount "117"]
[EventDate "2014.08.23"]
[EventType "swiss"]
[EventRounds "9"]
[EventCountry "CZE"]
[SourceTitle "EXT 2015"]
[Source "ChessBase"]
[SourceDate "2014.11.20"]
[SourceVersion "1"]
[SourceVersionDate "2014.11.20"]
[SourceQuality "1"]

1. c4 e6 2. Nc3 Nf6 3. g3 Be7 4. Bg2 0-0 5. e4 e5 6. Nge2 d6 7. 0-0 Be6 8. d3 c6 9. f4 Qb6+ 10. Kh1 Ng4 11. Qe1 f5 12. h3 Ne3 13. Bxe3 Qxe3 14. Rf3 Qb6 15. Qd2 Nd7 16. b3 Rf6 17. exf5 Bxf5 18. g4 Bg6 19. f5 Be8 20. g5 Rf8 21. Raf1 Qa5 22. Ng3 d5 23. d4 e4 24. Ncxe4 Qxd2 25. Nxd2 Bxg5 26. Nb1 dxc4 27. bxc4 Nf6 28. Rd3 Bf7 29. d5 cxd5 30. cxd5 Rad8 31. Nc3 Rd7 32. Nge4 Nxe4 33. Nxe4 Bxd5 34. f6 gxf6 35. Nxf6+ Bxf6 36. Rxd5 Re7 37. Rdf5 Kg7 38. Bd5 b6 39. Rg1+ Kh6 40. Rgf1 Kg6 41. R5f4 Re5 42. Be4+ Kg7 43. Bxh7 Kxh7 44. Rxf6 Rxf6 45. Rxf6 Ra5 46. Rf2 Ra3 47. Kg2 Kg6 48. Rd2 Kg5 49. Rd5+ Kf4 50. Rd2 a5 51. Rf2+ Kg5 52. Rb2 Kf4 53. Rf2+ Kg5 54. Rb2 Kh4 55. Kf2 a4 56. Ke2 Kxh3 57. Kd2 Kg3 58. Rxb6 Rxa2+ 59. Kc1 1/2-1/2

[Event "Mlada Boleslav Region-ch U20"]
[Site "Mlada Boleslav"]
[Date "2014.06.21"]
[Round "4"]
[White "Civin, Dominik"]
[Black "Rastocny, Josef"]
[Result "1-0"]
[WhiteElo "1601"]
[BlackElo "1607"]
[PlyCount "45"]
[EventDate "2014.06.21"]
[EventType "swiss"]
[EventRounds "7"]
[EventCountry "CZE"]
[SourceTitle "EXT 2016"]
[Source "ChessBase"]
[SourceDate "2015.10.08"]
[SourceVersion "1"]
[SourceVersionDate "2015.10.08"]
[SourceQuality "1"]

1. c4 Nf6 2. Nc3 g6 3. g3 Bg7 4. Bg2 0-0 5. e4 d6 6. Nge2 e5 7. 0-0 Nc6 8. d3 Ne8 9. f4 f5 10. Rb1 a5 11. a3 Rb8 12. b4 axb4 13. axb4 Nd4 14. Bb2 Nxe2+ 15. Nxe2 exf4 16. Nxf4 Bxb2 17. Rxb2 Ng7 18. Qb3 Kh8 19. Ra2 Ne6 20. Qc3+ Kg8 21. Nxe6 Bxe6 22. exf5 Bxf5 23. Bd5+ 1-0

[Event "Czech Fed-ch U14"]
[Site "Hrdonov"]
[Date "2013.10.30"]
[Round "6"]
[White "Civin, Dominik"]
[Black "Jelinek, Michal"]
[Result "0-1"]
[WhiteElo "1600"]
[BlackElo "1849"]
[PlyCount "42"]
[EventDate "2013.10.26"]
[EventType "swiss"]
[EventRounds "9"]
[EventCountry "CZE"]
[SourceTitle "EXT 2016"]
[Source "ChessBase"]
[SourceDate "2015.10.08"]
[SourceVersion "1"]
[SourceVersionDate "2015.10.08"]
[SourceQuality "1"]

1. c4 e5 2. Nc3 Nc6 3. g3 d6 4. Bg2 Be6 5. d3 Qd7 6. e4 Be7 7. Nd5 0-0-0 8. a3 f5 9. b4 Nd4 10. a4 fxe4 11. Bxe4 c6 12. Nc3 Nf6 13. b5 Nxe4 14. Nxe4 d5 15. bxc6 Qxc6 16. cxd5 Bxd5 17. Be3 Nc2+ 18. Qxc2 Qxc2 19. Rc1 Bb4+ 20. Kf1 Qxc1+ 21. Bxc1 Bxe4 0-1